<?xml version="1.0" encoding="UTF-8"?>
<collection xmlns="http://www.loc.gov/MARC21/slim">
<record>
  <controlfield tag="001">2031</controlfield>
  <controlfield tag="005">20160701171657.0</controlfield>
  <datafield tag="024" ind1="7" ind2=" ">
    <subfield code="a">10.1051/0004-6361:20053475</subfield>
    <subfield code="2">DOI</subfield>
  </datafield>
  <datafield tag="037" ind1=" " ind2=" ">
    <subfield code="a">ASTROimport-188</subfield>
  </datafield>
  <datafield tag="100" ind1=" " ind2=" ">
    <subfield code="a">van de Steene, G. C.</subfield>
  </datafield>
  <datafield tag="260" ind1=" " ind2=" ">
    <subfield code="c">2006</subfield>
  </datafield>
  <datafield tag="245" ind1=" " ind2=" ">
    <subfield code="a">Distance determination to NGC 55 from the planetary nebula luminosity function</subfield>
  </datafield>
  <datafield tag="520" ind1=" " ind2=" ">
    <subfield code="a">We analysed [O III], Hα, and continuum images of the Sculptor Group spiral galaxy NGC 55 obtained with the WFI instrument at the 2.2-m telescope of ESO. We identified 21 new planetary nebula candidates. We constructed the [O III]λ5007 Planetary Nebula Luminosity Function (PNLF) and determined a most likely distance of 2.30 ± 0.35 Mpc. The distance to NGC 55 is a bit larger than previously determined distances, which means that the Sculptor Group is further away from the Local Group than previously thought. The PNLF distance to NGC 55 is comparable to the PNLF distance of NGC 300 (Soffner et al. 1996, A, 306, 9), adding support to the suggestion that these galaxies form a bound pair. There doesn't seem to be a shortage of planetary nebula candidates in this metal poor galaxy. </subfield>
  </datafield>
  <datafield tag="700" ind1=" " ind2=" ">
    <subfield code="a"> Jacoby, G. H.</subfield>
  </datafield>
  <datafield tag="700" ind1=" " ind2=" ">
    <subfield code="a"> Praet, C.</subfield>
  </datafield>
  <datafield tag="700" ind1=" " ind2=" ">
    <subfield code="a"> Ciardullo, R.</subfield>
  </datafield>
  <datafield tag="700" ind1=" " ind2=" ">
    <subfield code="a"> Dejonghe, H.</subfield>
  </datafield>
  <datafield tag="773" ind1=" " ind2=" ">
    <subfield code="p">Astronomy and Astrophysics</subfield>
    <subfield code="v">455</subfield>
    <subfield code="i">3</subfield>
    <subfield code="y">2006</subfield>
    <subfield code="c">891-896</subfield>
  </datafield>
  <datafield tag="856" ind1="4" ind2="2">
    <subfield code="a">http://esoads.eso.org/abs/2006A%26A...455..891V</subfield>
  </datafield>
  <datafield tag="905" ind1=" " ind2=" ">
    <subfield code="a">published in</subfield>
  </datafield>
  <datafield tag="980" ind1=" " ind2=" ">
    <subfield code="a">REFERD</subfield>
  </datafield>
</record>
</collection>